Basketball Players by Picture - Germany - Statistics

General Stats
  • This quiz has been taken 15 times
  • The average score is 12 of 25
Answer Stats
Picture Answer % Correct
Dirk Nowitzki
100%
Franz Wagner
100%
Moritz Wagner
100%
Daniel Theis
93%
Dennis Schröder
93%
Andreas Obst
86%
Isaac Bonga
86%
Isaiah Hartenstein
79%
Maodo Lô
79%
Johannes Voigtmann
57%
Detlef Schrempf
50%
Maxi Kleber
50%
Johannes Thiemann
43%
Shawn Bradley
36%
Chris Kaman
21%
Patrick Femerling
21%
Tibor Pleiß
21%
Ademola Okulaja
7%
Christian Welp
7%
Gunther Behnke
7%
Hansi Gnad
7%
Henning Harnisch
7%
Henrik Rödl
7%
Michael Koch
7%
Uwe Blab
7%
No matching quizzes found
Score Distribution
Percent of People with Each Score
Percentile by Number Answered
Your Score History
You have not taken this quiz